Practical banking and building society law. / (Record no. 4939)

MARC details
000 -LEADER
fixed length control field 01141nam a22001457a 4500
008 - FIXED-LENGTH DATA ELEMENTS--GENERAL INFORMATION
fixed length control field 140917b xxu||||| |||| 00| 0 eng d
020 ## - INTERNATIONAL STANDARD BOOK NUMBER
International Standard Book Number 1854316281
100 ## - MAIN ENTRY--PERSONAL NAME
Personal name Arora, Anu
245 ## - TITLE STATEMENT
Title Practical banking and building society law. /
Statement of responsibility, etc. Anu Arora
260 ## - PUBLICATION, DISTRIBUTION, ETC.
Place of publication, distribution, etc. London:
Name of publisher, distributor, etc. Blackstone,
Date of publication, distribution, etc. 1997.
300 ## - PHYSICAL DESCRIPTION
Extent xl, 430p.
Dimensions 22cm.
500 ## - GENERAL NOTE
General note Includes index
505 ## - FORMATTED CONTENTS NOTE
Formatted contents note Content: The City of London as a financial centre -- What is a bank or bulding society? -- Regulation of the banking sector -- Regulation of building societies -- Banking and the single European market -- Customers -- The Bank account -- Creation of the banker and customer relationship -- Termination of the banker and customer relationship -- Negotiable instruments and the cheque as a bill of exchange -- Rights and liabilities of the parties to exchange -- Cheques on a banker and the protection of the paying and collecting banks -- Payment by plastic card -- Credit transfers and direct debits -- Remedies to recover money -- Bank finance -- Bankers' securities -- Recovery of bank advances -- Mortgage finance by building societies for house purchase.
942 ## - ADDED ENTRY ELEMENTS (KOHA)
Source of classification or shelving scheme Library of Congress Classification
Koha item type Books
Holdings
Withdrawn status Lost status Source of classification or shelving scheme Damaged status Not for loan Home library Current library Shelving location Date acquired Total Checkouts Barcode Date last seen Price effective from Koha item type
    Library of Congress Classification     WISCONSIN INTERNATIONAL UNIVERSITY COLLEGE, GHANA - MAIN LIBRARY WISCONSIN INTERNATIONAL UNIVERSITY COLLEGE, GHANA - MAIN LIBRARY Law Library 17/09/2014   185/13 17/09/2014 17/09/2014 Books

If you have any concerns or questions; kindly contact the library


© Powered by WIUC ICT DIRECTORATE